| 000 | 00638nam a2200229 a 4500 | ||
|---|---|---|---|
| 001 | |||
| 003 | DO-SdBNP | ||
| 005 | 20210818104425.0 | ||
| 008 | 091120s1992 dr r 000 0 spa d | ||
| 040 |
_aDO-SdBNP _bspa _cBPMSU |
||
| 082 |
_aRD863.44 _bS474q 1992 _222 |
||
| 100 | 1 |
_aSención, Viriato, _d1941- |
|
| 245 | 1 | 4 |
_aLos que falsificaron la firma de Dios / _cViriato Sención. |
| 250 | _a2a. ed. | ||
| 260 |
_aSanto Domingo : _bEditora Taller, _c1992 |
||
| 300 |
_a323 p. ; _c22 cm. |
||
| 590 | _aInventariado, 2021/VM | ||
| 650 | 4 | _aNovela dominicana | |
| 650 | 4 | _aLiteratura dominicana. | |
| 910 | _aVMateo V. | ||
| 942 |
_2ddc _cBK |
||
| 999 |
_c13660 _d13660 |
||